| 000 | 00688nam a2200205 i 4500 | ||
|---|---|---|---|
| 001 | 54683 | ||
| 003 | ES-MaACL | ||
| 005 | 20230906163011.0 | ||
| 007 | t| | ||
| 008 | 040112s2001 sp |||| | spa d | ||
| 080 | _a821.134.2(460.25)-1"19"(082.2) | ||
| 245 | 0 | 0 |
_aAntología de poetas extremeñas / _c[selección de] Manuel Miguel Ramos López. |
| 260 |
_a[Badajoz] : _bJunta de Extremadura, Dirección General de la Mujer, _c[2001] |
||
| 300 |
_a261 p ; _c24 cm. |
||
| 650 | 4 |
_aPoesías españolas- _xAutoras- _zExtremadura. _9170474 |
|
| 700 | 1 |
_aRamos López, Manuel Miguel. _9202847 |
|
| 710 | 1 |
_aExtremadura. _bJunta. _9150011 |
|
| 852 |
_aES-MaACL _jL-26757 |
||
| 999 |
_c54683 _d54683 |
||